000 00309nam a2200121 a 4500
008 110426s1988|||| d
100 1 _aLenárt, Jozef
245 1 0 _aPolitika kultury,kultúra politiky
260 _bSlovenský spisovateľ
_c1988
_aBratislava
020 _c29
044 _axo
_cSK
041 _aslo
999 _c19154
_d19154